| 000 | 00519nam a22001453 4500 | ||
|---|---|---|---|
| 005 | 20100726125122.0 | ||
| 008 | 071208s2008 xx 000 0 eng d | ||
| 020 | _a9780774813532 | ||
| 020 | _a0774813539 | ||
| 035 | _a(OCoLC)183264871 | ||
| 245 | 0 | 0 |
_aDefining Rights and Wrongs _bBureaucracy, Human Rights, and Public Accountability. |
| 260 |
_bUniv of British Columbia Pr _c2008. |
||
| 720 | _aLanger, Rosanna L. | ||
| 999 |
_c425 _d425 |
||